Hercules / (Record no. 110706)
[ view plain ]
| 000 -LEADER | |
|---|---|
| fixed length control field | 00957nam a2200241 a 4500 |
| 001 - CONTROL NUMBER | |
| control field | 1887 |
| 005 - DATE AND TIME OF LATEST TRANSACTION | |
| control field | 20140414131902.0 |
| 008 - FIXED-LENGTH DATA ELEMENTS--GENERAL INFORMATION | |
| fixed length control field | 020411s19uu xx 00 eng d |
| 020 ## - INTERNATIONAL STANDARD BOOK NUMBER | |
| International Standard Book Number | 0-7868-4114-1 |
| 050 ## - LIBRARY OF CONGRESS CALL NUMBER | |
| Classification number | FIC |
| Item number | D85 1997 |
| 100 ## - MAIN ENTRY--PERSONAL NAME | |
| Personal name | Dubowski, Cathy East |
| 245 ## - TITLE STATEMENT | |
| Title | Hercules / |
| Statement of responsibility, etc | adapted by Cathy East Dubowski. |
| 260 ## - PUBLICATION, DISTRIBUTION, ETC. (IMPRINT) | |
| Place of publication, distribution, etc | New York : |
| Name of publisher, distributor, etc | Disney Enterprises, |
| Date of publication, distribution, etc | 1997. |
| 300 ## - PHYSICAL DESCRIPTION | |
| Extent | 84 p. ; cm. |
| 440 ## - SERIES STATEMENT/ADDED ENTRY--TITLE | |
| Title | Disney's |
| 500 ## - GENERAL NOTE | |
| General note | Based on the Walt Disney Pictures movie, the heroic and humorous novel contains eight pages of full-color stills from the animated film. |
| 520 ## - SUMMARY, ETC. | |
| Summary, etc | Young Hercules knew he didn't fit in with the other kids his age, who called him Jerk-ules. But he had no idea he was born, Pain and Panic, Hades' not-so-bright helpers, tranformed Hercules into a mortal instead of actually killing him. |
| 650 ## - SUBJECT ADDED ENTRY--TOPICAL TERM | |
| Topical term or geographic name as entry element | Hero |
| General subdivision | Fiction. |
| 650 ## - SUBJECT ADDED ENTRY--TOPICAL TERM | |
| Topical term or geographic name as entry element | Humorous |
| General subdivision | Novel. |
| Withdrawn status | Lost status | Damaged status | Use restrictions | Home library | Current library | Shelving location | Date acquired | Source of acquisition | Total Checkouts | Full call number | Barcode | Date last seen | Price effective from | Koha item type |
|---|---|---|---|---|---|---|---|---|---|---|---|---|---|---|
| Munich Library | Munich Library | Fiction Section | 12/23/2004 | FIC D85 1997 | M1181 | 04/14/2014 | 04/14/2014 | Books | ||||||
| Munich Library | Munich Library | Fiction Section | 09/21/2010 | FIC D85 1997 | M1218 | 04/14/2014 | 04/14/2014 | Books | ||||||
| Munich Library | Munich Library | Fiction Section | 09/21/2010 | FIC D85 1997 | M1217 | 04/14/2014 | 04/14/2014 | Books |